[Event "9th HD Bank Cup 2019"]
[Site "Ho Chi Minh City VIE"]
[Date "2019.03.13"]
[Round "9.2"]
[White "Bogdanovich, Stanislav"]
[Black "Predke, Alexandr"]
[Result "1/2-1/2"]
[WhiteElo "2536"]
[BlackElo "2611"]
[EventDate "2019.03.07"]

1. e4 e5 2. Nf3 Nc6 3. Bc4 Bc5 4. c3 Nf6 5. d3 a6 6. Nbd2 O-O 7. Bb3 d6 8.
Nf1 h6 9. Ng3 Be6 10. Bxe6 fxe6 11. O-O a5 12. d4 exd4 13. cxd4 Bb6 14. Be3
d5 15. e5 Ne4 16. Qd3 Nxg3 17. fxg3 Qe7 18. Rac1 Nb4 19. Qb1 Rac8 20. a3
Nc6 21. g4 Rxf3 22. Rxf3 Bxd4 23. Bxd4 Nxd4 24. Re3 Qg5 25. Qd3 c5 26. h3
Ne2+ 27. Qxe2 d4 28. Rec3 dxc3 29. Rxc3 b6 30. Rb3 Rf8 31. Qe4 Rf4 32. Qa8+
Kh7 33. Rxb6 Rd4 34. Qf3 Qxe5 35. Rb3 c4 36. Rc3 Re4 37. Rc1 Re3 38. Qc6
Qxb2 39. Qxc4 Qxa3 40. Kf2 Qd3 41. Qxd3+ Rxd3 42. Rc6 a4 43. Rxe6 a3 44.
Ra6 Rd2+ 45. Ke1 Ra2 46. Kf1 Kg8 47. Ra7 g5 48. Kg1 Kf8 49. Kh2 Ke8 50. Ra6
Kd7 51. Rxh6 Rc2 52. Ra6 a2 53. Kg3 Kc7 54. h4 Kb7 55. Ra4 gxh4+ 56. Kxh4
Kb6 57. g3 Kb5 58. Ra8 Rh2+ 59. Kg5 Kb4 60. Kf5 Rc2 61. Kf6 Kb5 62. Ke7 Kb6
63. Ra3 Rc7+ 64. Kf6 Ra7 65. Rxa2 Rxa2 66. g5 Rf2+ 67. Ke5 Rg2 1/2-1/2

[Event "9th HD Bank Cup 2019"]
[Site "Ho Chi Minh City VIE"]
[Date "2019.03.13"]
[Round "9.3"]
[White "Liu, Guanchu"]
[Black "Iturrizaga Bonelli, Eduardo"]
[Result "1-0"]
[WhiteElo "2445"]
[BlackElo "2639"]
[EventDate "2019.03.07"]

1. e4 c5 2. Nf3 e6 3. d4 cxd4 4. Nxd4 a6 5. Nc3 b5 6. Bd3 Bb7 7. O-O Qc7 8.
Re1 Bd6 9. Nf3 Bc5 10. Qd2 Ne7 11. b4 Bd6 12. a4 O-O 13. Bb2 f6 14. Reb1
bxa4 15. Rxa4 Nbc6 16. b5 Ne5 17. Nxe5 Bxe5 18. bxa6 Bxh2+ 19. Kf1 Bf4 20.
Qe2 Bc6 21. Nb5 Qd8 22. a7 Nc8 23. g3 Be5 24. Ba3 Rf7 25. Bc5 d6 26. Be3 d5
27. exd5 exd5 28. f4 Bd6 29. Ra6 Bxb5 30. Rxb5 1-0

[Event "9th HD Bank Cup 2019"]
[Site "Ho Chi Minh City VIE"]
[Date "2019.03.13"]
[Round "9.4"]
[White "Popov, Ivan"]
[Black "Van Wely, Loek"]
[Result "1/2-1/2"]
[WhiteElo "2581"]
[BlackElo "2612"]
[EventDate "2019.03.07"]

1. e4 c5 2. Nf3 d6 3. d4 cxd4 4. Nxd4 Nf6 5. Nc3 a6 6. h3 e6 7. g4 Be7 8.
g5 Nfd7 9. Be3 b5 10. a3 Bb7 11. h4 Nc6 12. Qd2 Rc8 13. Nxc6 Bxc6 14. O-O-O
Rb8 15. Qd4 O-O 16. h5 Nc5 17. f4 Qc7 18. h6 e5 19. Qd2 g6 20. Bxc5 dxc5
21. Nd5 Bxd5 22. exd5 Rbd8 23. Re1 Bd6 24. Rh3 Rfe8 25. Rhe3 Qb8 26. fxe5
Bxe5 27. Kb1 Bd6 28. Bh3 Rxe3 29. Qxe3 Bf8 30. Rf1 Qd6 31. Bg2 a5 32. Qf3
Rd7 33. Bh3 Rb7 34. Re1 Re7 35. Rf1 Rb7 36. Re1 Re7 1/2-1/2

[Event "9th HD Bank Cup 2019"]
[Site "Ho Chi Minh City VIE"]
[Date "2019.03.13"]
[Round "9.6"]
[White "Cao, Sang"]
[Black "Nguyen, Ngoc Truong Son"]
[Result "1/2-1/2"]
[WhiteElo "2385"]
[BlackElo "2647"]
[EventDate "2019.03.07"]

1. e4 c5 2. Nf3 d6 3. d4 cxd4 4. Nxd4 Nf6 5. Nc3 a6 6. g3 e5 7. Nde2 Be7 8.
Bg2 b5 9. Nd5 Nxd5 10. Qxd5 Ra7 11. Be3 Be6 12. Qd2 Rb7 13. O-O Nd7 14. a3
O-O 15. Nc3 Nf6 16. Bg5 Rc7 17. Rfd1 Rc6 18. Bxf6 Bxf6 19. a4 b4 20. Nd5
Bxd5 21. Qxd5 Rxc2 22. b3 Qb6 23. Rd2 Rc5 24. Qxd6 Rc6 25. Qd3 Rc3 26. Qb1
Rfc8 27. Qd1 Bg5 28. Rd6 Qb8 29. Bf1 a5 30. Rd7 R3c7 31. Bc4 Rf8 32. Qd6
Rxd7 33. Qxd7 Kh8 34. Bxf7 Qb6 35. Rf1 Qf6 36. Bc4 Bc1 37. Qe6 Bb2 38. Qxf6
gxf6 39. f4 Rd8 40. Kg2 Rd2+ 41. Rf2 Rxf2+ 42. Kxf2 exf4 43. gxf4 Kg7 44.
Kf3 Kf8 45. Kg4 Bc1 46. Kf5 Ke7 47. Bg8 h6 48. h4 Bd2 49. h5 Bc1 50. Bh7
Bd2 51. Bg8 Bc1 52. Bc4 Bd2 53. Bf1 Bc1 54. Bh3 Bd2 55. Bg4 Bc1 56. e5 fxe5
57. Kxe5 Bd2 58. f5 Bg5 59. Be2 Kf7 60. Bc4+ Kg7 61. Ke6 Bf6 62. Kd7 Bg5
63. Kc7 Bf6 64. Kb6 Bd8+ 65. Kc6 Bf6 1/2-1/2

[Event "9th HD Bank Cup 2019"]
[Site "Ho Chi Minh City VIE"]
[Date "2019.03.13"]
[Round "9.7"]
[White "Xu, Yi"]
[Black "Nguyen, Van Huy"]
[Result "1/2-1/2"]
[WhiteElo "2520"]
[BlackElo "2428"]
[EventDate "2019.03.07"]

1. e4 c6 2. d4 d5 3. e5 Bf5 4. Nf3 e6 5. Be2 Bb4+ 6. c3 Ba5 7. O-O Nd7 8.
Ne1 Ne7 9. f4 Bb6 10. Be3 O-O 11. Nd2 f6 12. Ndf3 fxe5 13. fxe5 c5 14. Nd3
cxd4 15. cxd4 Ng6 16. Rc1 Rc8 17. Rxc8 Qxc8 18. Qd2 Qd8 19. Nf2 h6 20. Bd3
Nh4 21. Nxh4 Qxh4 22. Bxf5 Rxf5 23. g3 Qe7 24. Nd3 1/2-1/2

[Event "9th HD Bank Cup 2019"]
[Site "Ho Chi Minh City VIE"]
[Date "2019.03.13"]
[Round "9.8"]
[White "Raghunandan, Kaumandur Srihari"]
[Black "Karthik, Venkataraman"]
[Result "0-1"]
[WhiteElo "2352"]
[BlackElo "2494"]
[EventDate "2019.03.07"]

1. e4 c5 2. Nf3 d6 3. d4 Nf6 4. Nc3 cxd4 5. Nxd4 a6 6. h3 e6 7. g4 Nfd7 8.
Be3 Be7 9. g5 b5 10. a3 Bb7 11. h4 Nc6 12. f4 O-O 13. Rh3 Rc8 14. f5 Nxd4
15. Qxd4 Nc5 16. Rg3 exf5 17. exf5 Re8 18. O-O-O Bf8 19. Bg2 Bxg2 20. Rxg2
Re4 21. Qd2 b4 22. Bxc5 bxc3 23. Qd5 Re5 24. Qxe5 dxe5 25. Rxd8 Rxd8 26.
Bxf8 Rd1+ 27. Kxd1 cxb2 28. Kd2 b1=Q 29. Bb4 Qf1 30. Re2 Qxf5 31. c4 Qf4+
32. Kd1 Qxc4 33. Rc2 Qg4+ 0-1

[Event "9th HD Bank Cup 2019"]
[Site "Ho Chi Minh City VIE"]
[Date "2019.03.13"]
[Round "9.9"]
[White "Nguyen, Anh Khoi"]
[Black "Nandhidhaa, P V"]
[Result "1/2-1/2"]
[WhiteElo "2484"]
[BlackElo "2240"]
[EventDate "2019.03.07"]

1. d4 Nf6 2. c4 e6 3. g3 d5 4. Nf3 Bb4+ 5. Bd2 Be7 6. Bg2 O-O 7. O-O c6 8.
Qc2 b6 9. Rd1 Nbd7 10. b3 Ba6 11. a4 c5 12. cxd5 exd5 13. Nc3 Rc8 14. Nb5
cxd4 15. Qf5 g6 16. Qb1 Nc5 17. Bh3 Ne6 18. Nfxd4 Nxd4 19. Nxd4 Rc7 20. Bf4
Bd6 21. Bg5 Qe7 22. Ra2 Kg7 23. Rc2 Rxc2 24. Qxc2 h6 25. Bc1 Ba3 26. Bxa3
Qxa3 27. Qc3 Qd6 28. Rc1 Re8 29. e3 Re7 30. Bg2 Kh7 31. Qc6 Qxc6 32. Rxc6
Ne4 33. b4 Bb7 34. Rc2 Kg7 35. h4 h5 36. Bf1 a6 37. Bd3 Kf6 38. Kg2 Rd7 39.
Kf3 Ke5 40. Ke2 Kd6 41. Nf3 Re7 42. Nd2 Nxd2 43. Kxd2 Bc6 44. Ra2 a5 45. b5
Bd7 46. Rc2 Re8 47. Kc3 Kc5 48. Rd2 Be6 49. Bc2 Rc8 50. Bb3 Kd6+ 51. Kb2
Ke5 52. Rd4 Rc5 53. Bc2 Bf5 54. Bd1 Be6 55. Be2 Bf5 56. Bd1 Be6 57. Bb3 Kf6
58. Rd3 Ke5 59. Rd2 Ke4 60. Bc2+ Kf3 61. Bd1+ Kg2 62. Bb3 Kf3 63. Ba2 Kg2
64. Bb3 Kf3 1/2-1/2

[Event "9th HD Bank Cup 2019"]
[Site "Ho Chi Minh City VIE"]
[Date "2019.03.13"]
[Round "9.10"]
[White "Miciano, John Marvin"]
[Black "Nguyen, Anh Dung"]
[Result "0-1"]
[WhiteElo "2317"]
[BlackElo "2458"]
[EventDate "2019.03.07"]

1. d4 d5 2. c4 c6 3. e3 Nf6 4. Nf3 Bf5 5. Nh4 Bxb1 6. Rxb1 e6 7. Bd2 Ne4 8.
Nf3 Nd7 9. Bd3 Bd6 10. Qb3 Nxd2 11. Nxd2 Rb8 12. O-O O-O 13. e4 dxe4 14.
Bxe4 e5 15. dxe5 Nxe5 16. Nf3 Qf6 17. g3 g6 18. Kg2 Rfd8 19. Qc3 Kg7 20.
Rbd1 Nxf3 21. Qxf6+ Kxf6 22. Bxf3 a5 23. b3 Bc5 24. Be4 Re8 25. Bd3 Rbd8
26. Kf3 Bb4 27. h4 Rd4 28. a4 Red8 29. Ke2 h5 30. Ke3 R8d6 31. Ke2 Ke7 32.
Ke3 Bc5 33. Ke2 Bb4 34. Ke3 Kd8 35. Be2 Bd2+ 36. Kf3 Kc7 37. Rb1 Kb6 38.
Rb2 Kc5 39. Rfb1 Bb4 40. Rc2 Rd2 41. Rbb2 Bc3 42. Rxd2 Bxd2 43. Bd1 Bc1 0-1

[Event "9th HD Bank Cup 2019"]
[Site "Ho Chi Minh City VIE"]
[Date "2019.03.13"]
[Round "9.11"]
[White "Xu, Minghui"]
[Black "Zhao, Yuanhe"]
[Result "1-0"]
[WhiteElo "2293"]
[BlackElo "2431"]
[EventDate "2019.03.07"]

1. d4 Nf6 2. c4 g6 3. Nc3 d5 4. Bf4 Bg7 5. e3 c5 6. dxc5 Qa5 7. Rc1 dxc4 8.
Bxc4 Qxc5 9. Nb5 Qb4+ 10. Kf1 O-O 11. a3 Qa5 12. b4 Qd8 1-0

[Event "9th HD Bank Cup 2019"]
[Site "Ho Chi Minh City VIE"]
[Date "2019.03.13"]
[Round "9.12"]
[White "Sukandar, Irine Kharisma"]
[Black "Cheparinov, Ivan"]
[Result "0-1"]
[WhiteElo "2381"]
[BlackElo "2683"]
[EventDate "2019.03.07"]

1. e4 c5 2. Nf3 d6 3. d4 cxd4 4. Nxd4 Nf6 5. Nc3 a6 6. f3 e5 7. Nb3 Be6 8.
Be3 Nbd7 9. g4 b5 10. g5 b4 11. Nd5 Nxd5 12. exd5 Bf5 13. Bd3 Bxd3 14. Qxd3
Be7 15. h4 O-O 16. O-O-O a5 17. Nd2 f5 18. f4 Qc7 19. Kb1 a4 20. Nc4 e4 21.
Qe2 Rfc8 22. b3 Nc5 23. Bxc5 Qxc5 24. Qe3 Rab8 25. Qxc5 Rxc5 26. Rd4 g6 27.
h5 Rbb5 28. bxa4 Rxd5 29. Rhd1 Rxd4 30. Rxd4 Rc5 31. hxg6 hxg6 32. Kc1 Kf7
33. Nxd6+ Ke6 34. Nb5 Rc8 35. Kd1 Bc5 36. Rd2 Rh8 37. Nd4+ Kf7 38. Nc6 Be3
39. Rd7+ Ke6 40. Rg7 Bc5 41. Rxg6+ Kd5 42. Ne5 Rh1+ 43. Ke2 Rh2+ 44. Kd1 e3
45. Nd3 Bd4 46. Nxb4+ Ke4 47. Nd3 Bc3 48. Rh6 e2+ 49. Kc1 Rg2 50. Rh1 Rg3
51. a5 Rf3 52. Re1 Rf1 53. a6 Bxe1 54. Nxe1 0-1

[Event "9th HD Bank Cup 2019"]
[Site "Ho Chi Minh City VIE"]
[Date "2019.03.13"]
[Round "9.13"]
[White "Hoang, Canh Huan"]
[Black "Demchenko, Anton"]
[Result "0-1"]
[WhiteElo "2394"]
[BlackElo "2678"]
[EventDate "2019.03.07"]

1. e4 c5 2. Nf3 Nc6 3. Bb5 e6 4. O-O Nge7 5. Re1 a6 6. Bf1 b6 7. c3 Bb7 8.
d4 cxd4 9. cxd4 d5 10. Nc3 dxe4 11. Rxe4 Nd5 12. Rg4 f6 13. Bd3 Nce7 14.
Qe2 Qd7 15. Bd2 Kf7 16. Ne4 h5 17. Rh4 Kg8 18. Ng3 g6 19. Re1 Nf5 20. Rh3
Kf7 21. Ne4 Bg7 22. a3 Rhe8 23. Bb1 Kg8 24. Qd3 Qb5 25. Qc2 Rac8 26. Nc3
Nxc3 27. Bxc3 Bd5 28. Nh4 Nxh4 29. Rxh4 f5 30. Qd2 Kf7 31. Bd3 Qa4 32. Bf1
Ra8 33. Rh3 Qd7 34. Rg3 Rg8 35. Be2 h4 36. Rh3 Bf6 37. Bf3 g5 38. Bxd5 Qxd5
39. Rhe3 Rae8 40. Qe2 g4 41. Qxa6 h3 42. Qf1 Rg6 43. g3 Bg7 44. Rd1 Kg8 45.
Rde1 Rf8 46. Bb4 Rf7 47. Bc3 f4 48. Re4 fxg3 49. hxg3 Rgf6 50. f4 gxf3 51.
Kf2 Rh6 52. Qd3 h2 53. Rh1 Qf5 54. d5 e5 55. Bb4 Rh3 56. Bd2 Rxg3 57. d6
Rg2+ 0-1

[Event "9th HD Bank Cup 2019"]
[Site "Ho Chi Minh City VIE"]
[Date "2019.03.13"]
[Round "9.14"]
[White "Setyaki, Azarya Jodi"]
[Black "Mareco, Sandro"]
[Result "1/2-1/2"]
[WhiteElo "2378"]
[BlackElo "2666"]
[EventDate "2019.03.07"]

1. e4 c5 2. Nf3 d6 3. d4 cxd4 4. Nxd4 Nf6 5. Nc3 a6 6. f3 e5 7. Nb3 Be6 8.
Be3 Nbd7 9. g4 Be7 10. Qd2 b5 11. O-O-O Nb6 12. g5 Nh5 13. Nd5 Nxd5 14.
exd5 Bd7 15. Na5 Qc7 16. Rg1 O-O 17. Bd3 Kh8 18. Nc6 Bxc6 19. dxc6 d5 20.
Bf5 d4 21. Bf2 Qxc6 22. Be4 Qe6 23. Bxa8 Qxa2 24. c3 Rxa8 25. Bxd4 exd4 26.
Qxd4 Rc8 27. Rde1 Bf8 28. Qd7 Rb8 29. Qc7 Ra8 30. Qb7 Rd8 31. Qc7 Qa1+ 32.
Kc2 Qa4+ 33. Kc1 Qf4+ 34. Qxf4 Nxf4 35. Re4 Ne6 36. Kc2 g6 37. h4 h6 38.
gxh6 Kh7 39. Rd1 Rxd1 40. Kxd1 Kxh6 41. Re5 Be7 42. Rd5 Bxh4 43. Rd6 Nc5
44. b4 Nb7 45. Rxa6 Bg3 46. Rc6 Nd6 47. Ke2 Be5 48. Rc5 f6 49. c4 bxc4 50.
b5 c3 51. b6 Kg5 52. Rc7 Nb5 53. Rc5 Nd4+ 54. Kd3 Ne6 55. Rc6 Nd8 56. Rc7
Kf4 57. Ke2 g5 58. Rd7 Ne6 59. b7 Nc5 60. Rd4+ Kf5 61. b8=Q Bxb8 62. Rd5+
Be5 63. Rxc5 Ke6 64. Kd3 f5 65. Rc6+ Kf7 66. Rc5 Ke6 67. Rc6+ Ke7 68. Rc4
Kd6 69. Ra4 Bf6 70. Rc4 Ke6 71. Ra4 Kf7 72. Rc4 Kg6 73. Ra4 1/2-1/2

[Event "9th HD Bank Cup 2019"]
[Site "Ho Chi Minh City VIE"]
[Date "2019.03.13"]
[Round "9.15"]
[White "Tran, Tuan Minh"]
[Black "Pham, Le Thao Nguyen"]
[Result "1-0"]
[WhiteElo "2556"]
[BlackElo "2374"]
[EventDate "2019.03.07"]

1. c4 c6 2. Nf3 d5 3. e3 Bf5 4. Qb3 Qc7 5. cxd5 cxd5 6. Nc3 e6 7. g4 Bg6 8.
h4 f6 9. d4 Nc6 10. h5 Bf7 11. Bd2 a6 12. Rc1 Bd6 13. Bd3 Nge7 14. g5 f5
15. Ne2 Qd7 16. Kf1 Rc8 17. Kg2 e5 18. dxe5 Nxe5 19. Rxc8+ Qxc8 20. Nxe5
Bxe5 21. Qb4 Nc6 22. Qc5 f4 23. exf4 Bd4 24. Qd6 Qe6 25. Qxe6+ Bxe6 26.
Nxd4 Nxd4 27. h6 Bf5 28. hxg7 Rg8 29. Bc3 Bxd3 30. Bxd4 Kf7 31. Rc1 Kg6 32.
Rc7 h6 33. gxh6 Kxh6 34. Rxb7 Kh5 35. Kg3 Rc8 36. b3 Bh7 37. f3 Bg8 38. a3
Re8 39. Kf2 Ra8 40. Rc7 a5 41. Rb7 Kg6 42. Rb6+ Kf7 43. f5 Ke7 44. Kg3 1-0

[Event "9th HD Bank Cup 2019"]
[Site "Ho Chi Minh City VIE"]
[Date "2019.03.13"]
[Round "9.16"]
[White "Vo, Thanh Ninh"]
[Black "Mendonca, Leon Luke"]
[Result "*"]
[WhiteElo "2358"]
[BlackElo "2446"]
[EventDate "2019.03.07"]

1. g3 g6 2. Bg2 Bg7 3. c4 Nf6 4. Nc3 O-O 5. d3 c5 6. e4 Nc6 7. Nge2 Ne8 8.
Be3 Nd4 9. O-O Nc7 10. Rb1 d6 11. b4 Rb8 12. Qd2 Bg4 13. f3 Bd7 14. Bf2 b5
15. cxb5 Ncxb5 16. Nxb5 Bxb5 17. Nxd4 cxd4 18. Rfc1 Qb6 19. Ra1 Ba4 20. Rc4
Rfc8 21. Rac1 Rxc4 22. Rxc4 Bb5 23. Rc2 Qa6 24. Bf1 Rc8 25. Rxc8+ Qxc8 26.
Be1 Qc3 27. Qd1 Qb2 28. a4 Bd7 29. Bd2 h5 30. b5 Qa2 31. Bg5 Bf6 32. Bd2
Be6 33. a5 Qb2 34. b6 axb6 35. axb6 Qxb6 36. Qc1 Qb5 37. Be2 d5 38. exd5
Qxd5 39. h4 Qe5 40. Kf2 Qb5 41. Bf4 Bf5 42. Qd2 Kh7 43. Qc2 Kg7 44. Kg2 Be6
45. Qc1 Qf5 46. Kf2 Bd7 47. Bh6+ Kh7 48. Bd2 Bc8 49. Qa1 Bb7 50. Qa7 Bc6
51. Qa1 Kg7 52. Qc1 Bb7 53. Bh6+ Kh7 54. Bd2 Qh3 55. Qf1 Qd7 56. Qc1 Qf5
57. Qb1 Bd5 58. Qb5 Be5 59. f4 e6 60. Bf3 Bxf3 61. Kxf3 Qg4+ 62. Kf2 Bf6
63. Qb1 e5 64. Qh1 Kg7 65. Qf3 Qh3 66. Qe4 Qh2+ 67. Qg2 Qxg2+ 68. Kxg2 Kf8
69. Kf3 Ke7 70. Ke4 Ke6 71. fxe5 Bxe5 72. Be1 Kd6 73. Bb4+ Ke6 74. Be1 f6
75. Bf2 f5+ 76. Kf3 Kd5 77. Be1 Kc5 78. Bd2 Kb5 79. Be1 Ka4 80. Ke2 Kb3 81.
Kd1 Bd6 82. Ke2 Kc2 83. Bf2 Be5 84. Be1 *

[Event "9th HD Bank Cup 2019"]
[Site "Ho Chi Minh City VIE"]
[Date "2019.03.13"]
[Round "9.17"]
[White "Wang, Shixu B"]
[Black "Chen, Qi B"]
[Result "1/2-1/2"]
[WhiteElo "2362"]
[BlackElo "2443"]
[EventDate "2019.03.07"]

1. d4 Nf6 2. c4 e6 3. Nf3 d5 4. Nc3 c6 5. Bg5 Nbd7 6. cxd5 exd5 7. e3 h6 8.
Bf4 g5 9. Bg3 Nh5 10. Bd3 Nxg3 11. hxg3 Bg7 12. Qc2 Nb6 13. a4 a5 14. Rd1
Qe7 15. O-O O-O 16. Rfe1 f5 17. Na2 Be6 18. Nc1 Nc8 19. Ne5 Qc7 20. Nb3
Bxe5 21. Nc5 Qf7 22. dxe5 b6 23. Nxe6 Qxe6 24. f4 Ne7 25. Kf2 Kg7 26. Rh1
g4 27. Rh5 Rf7 28. Rdh1 Rh8 29. Qb3 c5 1/2-1/2

[Event "9th HD Bank Cup 2019"]
[Site "Ho Chi Minh City VIE"]
[Date "2019.03.13"]
[Round "9.18"]
[White "Mithil, Ajgaonkar"]
[Black "Li, Yankai"]
[Result "1/2-1/2"]
[WhiteElo "2332"]
[BlackElo "2434"]
[EventDate "2019.03.07"]

1. d4 Nf6 2. c4 g6 3. g3 c6 4. Bg2 d5 5. cxd5 cxd5 6. Nf3 Bg7 7. O-O O-O 8.
Ne5 Ne4 9. Nd2 Nf6 10. Nb1 e6 11. Nc3 Nfd7 12. f4 Nc6 13. Be3 Nb6 14. b3
Bd7 15. Kh1 Qe7 16. Rc1 Rac8 17. Qd2 Rfd8 18. Nd1 Be8 19. Nf2 f6 20. Ned3
Nd7 21. Nc5 Nxc5 22. Rxc5 b6 23. Rcc1 Qa3 24. Nd3 a5 25. Rc2 Qd6 26. Rfc1
Ne7 27. Bf2 Rxc2 28. Rxc2 Rc8 29. Rxc8 Nxc8 30. Qc2 Qc6 31. Qxc6 Bxc6 32.
Kg1 Bf8 33. Kf1 Nd6 34. Ke1 Ne4 35. Be3 h5 36. Bd2 Kf7 37. Nf2 Nd6 38. Bc3
Nb5 39. Kd2 e5 40. e3 Nxc3 41. Kxc3 e4 42. Bf1 b5 43. Kc2 Bd6 44. Nd1 b4
45. Be2 Kg7 46. Nf2 Kh6 47. Kd2 Bd7 48. Ke1 g5 49. Kd2 Kg6 50. Ke1 a4 51.
Kd2 a3 52. Ke1 h4 53. Kd2 Bc7 54. Kd1 Bc6 55. Kd2 Bb6 56. Kc2 Be8 57. Kd2
Bc7 58. Kc2 Kh6 59. Ng4+ Kg7 60. Nf2 Kg6 61. Kd2 Bd7 62. Kc2 f5 63. Kd2 g4
64. Ke1 Kh5 65. Nh1 Bd8 66. Kd2 Be8 67. Ke1 hxg3 68. hxg3 Ba4 69. Bd1 Bb5
70. Be2 Bc4 71. Bd1 Bd3 72. Be2 Bc4 73. Bd1 Ba6 74. Be2 1/2-1/2

[Event "9th HD Bank Cup 2019"]
[Site "Ho Chi Minh City VIE"]
[Date "2019.03.13"]
[Round "9.19"]
[White "Laxman, R.R."]
[Black "Quizon, Daniel"]
[Result "0-1"]
[WhiteElo "2425"]
[BlackElo "2268"]
[EventDate "2019.03.07"]

1. d4 Nf6 2. Nf3 g6 3. g3 Bg7 4. c4 O-O 5. Bg2 d6 6. O-O c5 7. b3 Nc6 8.
Bb2 Ne4 9. e3 Bg4 10. Qc2 Bf5 11. Qe2 Bg4 12. Qc2 Bf5 13. Qc1 cxd4 14. Nxd4
Nxd4 15. Bxd4 e5 16. Bb2 Nc5 17. Qd2 Qb6 18. Nc3 Be6 19. Rfd1 Rfd8 20. Rac1
a5 21. Ba3 Rac8 22. Nd5 Bxd5 23. Qxd5 Rb8 24. h4 Bf6 25. h5 Qc7 26. Qf3 Qe7
27. Qg4 b6 28. Bd5 Kg7 29. e4 Rf8 30. Rc3 h6 31. Kg2 Bg5 32. Rf3 Rbd8 33.
Bc6 Ne6 34. Bb2 Nc5 35. hxg6 fxg6 36. Rxf8 Rxf8 37. f4 Bf6 38. f5 Bg5 39.
Qf3 Qf6 40. Rf1 Qe7 41. Bd5 Rf6 42. a3 Qc7 43. b4 axb4 44. axb4 Nd7 45. Ra1
Rf8 46. Qa3 Nf6 47. Qd3 gxf5 48. exf5 Nxd5 49. cxd5 Rc8 50. Kf3 Qc2 51.
Ra7+ Kf6 52. Qxc2 Rxc2 53. Ba1 h5 54. Ke4 Rc1 55. Bb2 Rc4+ 56. Kd3 Rxb4 57.
Bc3 Rg4 58. Rd7 Rxg3+ 59. Kc4 Kxf5 60. Bb4 Rg4+ 61. Kb5 Rd4 62. Bxd6 Rxd5+
63. Kxb6 Ke6 64. Kc7 Rd2 0-1

[Event "9th HD Bank Cup 2019"]
[Site "Ho Chi Minh City VIE"]
[Date "2019.03.13"]
[Round "9.20"]
[White "Navalgund, Niranjan"]
[Black "Pichot, Alan"]
[Result "0-1"]
[WhiteElo "2378"]
[BlackElo "2584"]
[EventDate "2019.03.07"]

1. d4 e6 2. c4 b6 3. e4 Bb7 4. Bd3 Nc6 5. Nf3 Nb4 6. Nc3 Nxd3+ 7. Qxd3 g6
8. Bg5 f6 9. Bd2 Bg7 10. h4 h6 11. e5 f5 12. d5 a6 13. O-O-O b5 14. cxb5
Ne7 15. dxe6 dxe6 16. Qc4 Qc8 17. h5 g5 18. Be3 Kf7 19. Bxg5 Bxf3 20. Bxe7
Bxd1 21. Bf6 Bxf6 22. exf6 Rd8 23. Qf4 Rd6 24. b6 Qg8 25. Qc4 Kxf6 26. Qxc7
Rad8 27. b7 Qg5+ 28. Kb1 Qxg2 29. Rxd1 Rxd1+ 30. Nxd1 Rxd1+ 31. Kc2 Qf3 32.
Qc4 Qxf2+ 33. Kxd1 Qf3+ 34. Kc2 Qxb7 35. Qd4+ Kf7 36. Qe3 Qc8+ 37. Kb1 Qh8
38. Qa7+ Kf6 39. Qd4+ e5 40. Qh4+ Ke6 41. Qc4+ Ke7 42. Qb4+ Kf7 43. Qc4+
Kf6 44. Qh4+ Ke6 45. Qc4+ Kd6 46. Qxa6+ Kc5 47. Qa7+ Kd5 48. Qb7+ Kd4 49.
Qb4+ Ke3 50. Qe1+ Kf3 51. Qd1+ Kf4 52. a4 Qa8 53. Qd2+ Kf3 54. Qc3+ Ke4 55.
Qc2+ Kf4 56. Qd2+ Kf3 57. Qc3+ Kg4 58. Qxe5 f4 59. Qe6+ Kg3 60. Qg6+ Kf2
61. Qxh6 Qe4+ 62. Kc1 f3 63. Qd2+ Kg1 64. Qg5+ Kh1 65. Qg3 Qe3+ 66. Kc2
Qe2+ 67. Kb3 f2 68. Qh3+ Kg1 69. Qg3+ Kf1 70. Qh3+ Ke1 71. Qc3+ Kd1 72.
Qd4+ Kc1 73. Qc3+ Kb1 74. h6 f1=Q 75. h7 Qf7+ 76. Kb4 Qe4+ 77. Kb5 Qfb7+
0-1

[Event "9th HD Bank Cup 2019"]
[Site "Ho Chi Minh City VIE"]
[Date "2019.03.13"]
[Round "9.21"]
[White "Chanda, Sandipan"]
[Black "Zou, Chen"]
[Result "1/2-1/2"]
[WhiteElo "2534"]
[BlackElo "2397"]
[EventDate "2019.03.07"]

1. d4 Nf6 2. c4 g6 3. Nc3 Bg7 4. e4 d6 5. Be2 O-O 6. Bg5 Nbd7 7. Nf3 e5 8.
O-O h6 9. Be3 Re8 10. d5 Ng4 11. Bd2 f5 12. g3 Ngf6 13. Nh4 Nc5 14. exf5 g5
15. Ng2 Bxf5 16. h4 Nfe4 17. Nxe4 Nxe4 18. Be3 Qd7 19. Bd3 Nc5 20. Bxf5
Qxf5 21. hxg5 hxg5 22. Bxc5 dxc5 23. Qh5 e4 24. Ne3 Qf3 25. Ng4 Bd4 26.
Qxg5+ Kf8 27. Nh6 Re5 28. Qg8+ Ke7 29. Qg7+ Ke8 30. Rae1 e3 31. fxe3 Bxe3+
32. Rxe3 Qxe3+ 33. Kg2 Qe2+ 34. Rf2 Qe4+ 35. Rf3 Qe2+ 36. Kh3 Qxf3 37.
Qxe5+ Kf8 38. Nf5 Qh5+ 39. Kg2 Qg5 40. d6 cxd6 41. Qh8+ Qg8 42. Qf6+ Qf7
43. Qxd6+ Ke8 44. Qxc5 Qf6 45. Kh3 Rd8 46. Kg4 Rd7 47. Qxa7 Qxb2 48. Qe3+
Kd8 49. Qg5+ Kc7 50. Qf4+ Kc6 51. Qe4+ Kc5 52. Qe3+ Kc6 53. Ne7+ Kc7 54.
Nd5+ Kd6 55. Qh6+ Kc5 56. Qf8+ Rd6 57. Nf4 Qd4 58. Qc8+ Kb6 59. Qg8 Rc6 60.
Qd5 Qg7+ 61. Qg5 Qd7+ 62. Qf5 Qd1+ 63. Kg5 Rxc4 64. Nd5+ Ka7 65. Qf2+ Rd4
66. Qe3 Qd2 67. Kf5 Qxe3 68. Nxe3 Rd3 69. Ke4 Ra3 70. g4 Rxa2 71. g5 Kb6
72. g6 Kc5 73. g7 Ra8 74. Ke5 b5 75. Kf6 Kd4 76. Nc2+ Kc3 77. Ne3 Kd3 78.
Nd5 Rg8 79. Kf7 Rxg7+ 80. Kxg7 1/2-1/2

[Event "9th HD Bank Cup 2019"]
[Site "Ho Chi Minh City VIE"]
[Date "2019.03.13"]
[Round "9.22"]
[White "Nasanjargal, Urtnasan"]
[Black "Sammed Jaykumar, Shete"]
[Result "0-1"]
[WhiteElo "2503"]
[BlackElo "2387"]
[EventDate "2019.03.07"]

1. Nf3 Nf6 2. d4 g6 3. g3 Bg7 4. Bg2 O-O 5. c4 d6 6. O-O Nbd7 7. Nc3 e5 8.
e4 c6 9. h3 Qb6 10. Re1 exd4 11. Nxd4 Re8 12. Nc2 Nc5 13. Rb1 Ng4 14. hxg4
Bxc3 15. Rf1 Bg7 16. Be3 Qc7 17. f3 b6 18. Bf2 Bb7 19. Ne3 Rad8 20. Qc2 Ne6
21. Rbd1 Nd4 22. Qd3 d5 23. cxd5 cxd5 24. exd5 Bxd5 25. Nxd5 Rxd5 26. Rfe1
Red8 27. f4 R5d6 28. Rc1 Qd7 29. Qd1 Ne6 30. Qb3 Rd3 31. Qb4 Nc5 32. Bf1
Bd4 33. Bxd4 Rxg3+ 34. Kh2 Qxg4 35. Bf6 g5 36. Bxg5 Rdd3 37. Re8+ Kg7 38.
Qc3+ Rxc3 39. Rxc3 Rxc3 40. bxc3 h6 41. Re5 f6 42. Bh3 Qf3 0-1

[Event "9th HD Bank Cup 2019"]
[Site "Ho Chi Minh City VIE"]
[Date "2019.03.13"]
[Round "9.23"]
[White "Taher, Yoseph Theolifus"]
[Black "Pham, Chuong"]
[Result "1-0"]
[WhiteElo "2446"]
[BlackElo "2383"]
[EventDate "2019.03.07"]

1. e4 c5 2. Nc3 Nc6 3. Bb5 e6 4. Bxc6 bxc6 5. e5 Ne7 6. Nf3 Ng6 7. d3 Be7
8. h4 Qc7 9. Qe2 f6 10. exf6 Bxf6 11. Ne4 Be7 12. g3 e5 13. h5 Nf8 14. h6
g6 15. Bg5 d6 16. Bf6 Rg8 17. O-O-O Bf5 18. Bxe7 Qxe7 19. d4 cxd4 20. Nxd4
exd4 21. Nf6+ Kf7 22. Qxe7+ Kxe7 23. Nxg8+ Kf7 24. Rxd4 d5 25. Re1 Ne6 26.
Rb4 Rxg8 27. Rb7+ Kf6 28. Rxh7 a5 29. Ra7 Rh8 30. h7 Be4 31. a4 g5 32. Rxa5
Rxh7 33. Ra6 Rc7 34. b4 g4 35. Rb6 Ke5 36. a5 Nd4 37. a6 Rf7 38. Rb7 Rf8
39. a7 Ra8 40. Kb2 Nb5 41. Ra1 Kd6 42. Rg7 Bf3 43. c3 Nc7 44. Re1 Rxa7 45.
Ree7 c5 46. b5 Rb7 47. c4 dxc4 48. Rd7+ Ke6 49. Rxc7 Rxb5+ 50. Kc3 Rb3+ 51.
Kxc4 Rb2 52. Rxc5 Rxf2 53. Rg6+ Kf7 54. Rb6 Rc2+ 55. Kd4 Rd2+ 56. Ke5 Rd7
57. Kf5 Kg7 58. Kg5 Ra7 59. Kh5 Re7 60. Rg5+ Kf7 61. Kh6 Re6+ 62. Rxe6 Kxe6
63. Ra5 Kf6 64. Ra4 Kf7 65. Rf4+ Kg8 66. Kg6 Be2 67. Rd4 Kf8 68. Kh7 Bf3
69. Rf4+ Ke7 70. Kg6 Ke6 71. Kg5 Kd5 1-0